[Event "9th HDBank Open 2019"]
[Site "Ho Chi Minh City"]
[Date "2019.03.10"]
[Round "5.27"]
[White "Pham, Chuong"]
[Black "Nguyen, Thi Thanh An"]
[Result "1-0"]
[WhiteElo "2383"]
[BlackElo "2245"]
[Annotator "TA"]
[PlyCount "115"]
[EventDate "2019.03.07"]
[EventType "swiss"]
[EventCountry "VIE"]
[SourceTitle "playchess.com"]
[Source "ChessBase"]
[SourceQuality "1"]

{[%evp 17,115,8,15,14,11,10,18,4,14,10,20,27,28,24,25,25,14,26,45,44,45,41,41,9,49,41,61,77,74,30,31,27,34,0,0,0,0,0,0,2,116,116,127,120,133,125,133,132,129,137,196,194,176,200,283,240,225,231,220,221,217,206,168,168,237,253,268,253,355,357,359,355,363,363,363,353,585,571,557,542,535,528,520,335,29979,29980,29980,29981,29981,29982,29982,29981,29982,29983,29983,29984,29984,29985,29985,29986]} 1. d4 d5 2. c4 dxc4 3. Nf3 Nf6 4. e3 e6 5. Bxc4 c5 6. O-O a6 7. dxc5 Qxd1 8. Rxd1 Bxc5 9. Nbd2 O-O 10. Nb3 {D27: Queen's Gambit Accepted: Classical main line: 7 e4!? and 7 a4} (10. Be2 Rd8 11. Nb3 Rxd1+ 12. Bxd1 Be7 13. Bd2 Nc6 14. Rc1 Ne4 15. Be1 Bd7 16. Nfd2 Nxd2 17. Bxd2 Rc8 18. Nc5 Be8 19. Be2 Nd8 20. Nd3 Rxc1+ 21. Nxc1 f6 {½-½ (21) Raznikov,D (2531)-Stukopin,A (2596) Arlington 2016}) 10... Be7 11. Bd2 Nc6 12. Be1 {The position is equal.} h6 $146 13. Rac1 Re8 14. Be2 e5 15. Nc5 e4 16. Nd2 Bxc5 17. Rxc5 Bg4 18. Bxg4 Nxg4 19. h3 Nf6 20. Nc4 Rad8 21. Rd6 Kf8 22. Bc3 Ke7 23. Bxf6+ gxf6 24. Rd2 Ke6 25. g4 Ne5 26. Rxd8 Nf3+ $1 27. Kg2 Rxd8 $11 {[%mdl 4096] Endgame KRN-KRN} 28. Kg3 Ne1 (28... Rd1 $1 $11) 29. Rc7 $16 b5 30. Rc6+ Ke7 31. Na5 Rd2 32. Rxa6 Rxb2 33. Nc6+ Kd7 (33... Ke8 $16 {might work better.}) 34. Nd4 $18 {[%mdl 64] Discovered Attack} Nd3 35. Rxf6 Rxa2 (35... Ke7 $142 36. Rxh6 Rxa2) 36. Nxb5 Ke7 37. Rf5 ({Don't play} 37. Rxh6 Rxf2 38. Nd4 f6) 37... Rc2 38. Nd4 Rc1 39. Ne2 Rc2 40. Nf4 $1 Kf8 (40... Rc5 $142) 41. Ng6+ Kg7 {[#]} 42. Ne5 $1 f6 {[#]} (42... Nxe5 $142 43. Rxe5 Rc4) 43. Nxd3 $1 exd3 {KR-KR} 44. Rd5 d2 45. e4 h5 46. f3 ({Not} 46. gxh5 Kh6 $18) 46... hxg4 $2 (46... Rb2 47. gxh5 Kh6) 47. hxg4 Kf7 48. Kf4 Ke6 49. Ke3 Rc5 50. Rxd2 Ke5 $2 {[#]} (50... Rc3+ $18 51. Kf4 Rb3) 51. Rd5+ $1 {White mates.} Rxd5 52. exd5 Kxd5 {KPP-KP} 53. Kf4 Ke6 54. g5 Kf7 55. Kf5 fxg5 56. Kxg5 Kg7 57. Kf5 Kf7 58. f4 {Accuracy: White = 84%, Black = 46%.} 1-0

[Event "9th HDBank Open 2019"]
[Site "Ho Chi Minh City"]
[Date "2019.03.10"]
[Round "5.28"]
[White "Nguyen, Dang Hong Phuc"]
[Black "Nandhidhaa, P V"]
[Result "1/2-1/2"]
[WhiteElo "2376"]
[BlackElo "2240"]
[Annotator "TA"]
[PlyCount "146"]
[EventDate "2019.03.07"]
[EventType "swiss"]
[EventCountry "VIE"]
[SourceTitle "playchess.com"]
[Source "ChessBase"]
[SourceQuality "1"]

{[%evp 13,146,0,-4,-12,11,14,23,-4,2,-31,-27,-53,-33,-77,-70,-79,-71,-102,-52,-66,-64,-75,-32,-43,-33,-107,2,-2,0,16,106,0,0,0,0,0,0,-18,0,-84,-84,-180,-152,-164,89,78,286,289,294,266,318,306,300,293,356,296,287,269,252,245,243,246,239,227,616,611,611,603,585,579,573,570,642,638,623,617,832,825,770,741,804,780,8262,5600,29968,29968,7921,29958,29975,29954,29990,29991,29991,530,530,522,522,522,522,494,343,335,335,238,279,279,280,280,280,280,280,280,29993,280,280,280,280,280,280,0,280,280,280,279,29981,29982,29982,145,145,145,145,145,29982,29982,29982]} 1. d4 Nf6 2. c4 e6 3. Nf3 d5 4. g3 Bb4+ 5. Bd2 Be7 6. Bg2 O-O 7. O-O c6 8. Na3 {E11: Bogo-Indian} Bxa3 $146 ({Predecessor:} 8... Ne4 9. Bf4 Nd7 10. Qc2 f5 11. Rad1 g5 12. Bc1 Nd6 13. Ne5 Qe8 14. Qb3 Nxe5 15. dxe5 Ne4 {½-½ (25) Aronian,L (2809)-Radjabov,T (2724) Geneva 2017}) 9. bxa3 dxc4 10. Qc2 {White has an edge.} b5 11. e4 h6 12. Rfe1 Nbd7 13. Bb4 Re8 14. Rad1 Bb7 15. Nd2 Qb6 16. e5 {Strongly threatening Bc5.} Nd5 17. Ne4 $1 Nxb4 (17... a5 $5 {[%cal Ra5b4]} 18. Bd6 Ba6 $15) 18. axb4 a5 19. Nd6 (19. a3 $15) 19... Reb8 (19... axb4 $17 20. Nxe8 Rxe8) 20. f4 Nf8 21. f5 Rd8 (21... exf5 $11 22. Qxf5 Qc7) 22. fxe6 (22. Rf1 $16) 22... Nxe6 $11 23. Qf5 Qc7 24. Rf1 $36 {[%cal Rd6f7][%mdl 2048] White has good play.} Rf8 $1 (24... axb4 $2 25. Nxf7 Nxd4 26. Rxd4 $18) 25. h4 (25. Nxb7 Qxb7 26. Be4 Ng5 $17) (25. Be4 Ng5 $17) 25... Bc8 26. Qf2 ({Don't go for} 26. Be4 $2 Ng5 $19) (26. d5 $11 {remains equal.} cxd5 27. Bxd5) 26... axb4 $17 27. Be4 (27. Nxb5 $17 Qb6 28. Nd6 {[%mdl 64] Double Attack}) 27... Ra3 28. Bb1 c5 $2 (28... Nd8 $19 {And now ...Bg4 would win.} 29. Kh2 Qd7) 29. Nxb5 $16 {[%mdl 64] Double Attack} Qc6 $2 (29... Qe7 $16 {keeps fighting.}) 30. Nxa3 $18 cxd4 31. Nc2 Bb7 {[%csl Gb7][%cal Rc6h1]} 32. Kh2 d3 33. Nxb4 Qb5 {[#]} 34. Nxd3 $1 cxd3 35. Bxd3 Qxe5 36. Qf5 Qxf5 37. Bxf5 Ra8 38. Rd2 Nd4 $2 (38... Ra5 39. Bc2 Ba6) 39. Rxd4 Rxa2+ 40. Kh3 {[%cal Rd4d8]} ({Stronger than} 40. Kg1 Rg2+ 41. Kh1 Rf2+ 42. Be4 (42. Kg1 Rg2+ {[%mdl 64] Double Attack} 43. Kh1 Re2+ 44. Be4 Bxe4+ 45. Kg1 Rg2+ 46. Kh1 Rf2+ 47. Kg1 Rg2+ {[%mdl 64] Double Attack} 48. Kh1 Rf2+ 49. Kg1 Rg2+ $11 {[%mdl 64] Double Attack}) 42... Bxe4+ 43. Kg1 Rg2+ 44. Kh1 Rf2+ 45. Kg1 Rg2+ 46. Kh1 Re2+ 47. Kg1 Rg2+ $11) 40... Bg2+ 41. Kg4 {[%cal Rd4d8]} g6 42. Bb1 Rb2 43. Rc1 Rf2 44. Rf4 f5+ 45. Bxf5 $1 gxf5+ 46. Kxf5 {[%mdl 4096] Endgame KRR-KRB} Re2 47. Rc8+ Kg7 48. Rc7+ Kg8 49. Rd4 Re8 50. g4 h5 51. Kf6 hxg4 52. Rxg4+ {[%mdl 64] Double Attack} Kh8 53. Rgg7 (53. Rc5 $142 Be4 54. Kf7 Ra8 55. Rxe4 Ra7+ 56. Re7 Rxe7+ 57. Kxe7 Kg7 58. Rg5+ Kh7 59. Kf7 Kh6 60. Rc5 Kh7 61. Rh5#) 53... Be4 54. Rg5 Rf8+ 55. Ke5 Re8+ 56. Kf4 Bb1 57. Rc6 Rd8 58. h5 Rg8 59. Re5 Rf8+ 60. Kg5 Rg8+ 61. Kh6 Rd8 62. Re7 Bd3 $2 {[#]} (62... Bf5 $18 63. Rec7 Kg8) 63. Rce6 $2 (63. Rd7 $1 {[%mdl 512]} Rb8 (63... Rxd7 64. Rc8+) 64. Rxd3 Kg8 65. Rf6 Rc8 66. Rd7 Rb8 67. Rg7+ Kh8 68. Rfg6 Rf8 69. Rh7#) 63... Rg8 64. Rd6 Bf5 65. Rf6 Bb1 66. Rfe6 $2 ({White should play} 66. Rff7 $18 {Threatening mate with Rh7+!} Ra8 67. Ra7) 66... Bf5 $2 {[%mdl 8192]} (66... Bd3 $1 $11 {and Black has nothing to worry.} 67. Re8 Bf5) 67. Re5 Bc2 68. Re8 Bh7 $2 (68... Bb1 $18 69. R5e7 Bf5 70. Rxg8+ Kxg8 71. Rg7+ Kf8) 69. Rxg8+ Bxg8 70. Kg6 $2 (70. Rb5 {mates} Bf7 71. Rb4 Ba2 72. Kg6 Bg8 73. Rd4 Bh7+ 74. Kh6 Bg8 75. Rd6) 70... Bh7+ $16 71. Kg5 {Kh6 is the strong threat.} Bc2 72. Kh6 {[%cal Re5e8]} Bb3 $2 {[%mdl 8192]} (72... Kg8 $16 73. Kg5 Kf7) 73. Re7 Ba2 {[%mdl 32768] Accuracy: White = 45%, Black = 28%. . An unexpected result.} 1/2-1/2

[Event "9th HDBank Open 2019"]
[Site "Ho Chi Minh City"]
[Date "2019.03.10"]
[Round "5.29"]
[White "Chu, Wei Chao"]
[Black "Aaryan Varshney"]
[Result "1-0"]
[WhiteElo "2373"]
[BlackElo "2202"]
[Annotator "TA"]
[PlyCount "123"]
[EventDate "2019.03.07"]
[EventType "swiss"]
[EventCountry "VIE"]
[SourceTitle "playchess.com"]
[Source "ChessBase"]
[SourceQuality "1"]

{[%evp 17,123,-19,0,-12,24,25,21,23,25,10,16,18,18,12,12,7,12,10,18,0,14,-15,-17,-13,-17,-20,10,14,54,47,59,59,59,59,59,59,63,58,65,0,0,0,0,0,112,50,91,91,97,92,94,94,148,148,148,148,150,150,148,148,151,143,345,345,345,345,345,345,345,320,513,501,462,443,666,864,836,777,713,683,1650,1632,1612,1507,1112,1021,12496,11504,6478,5434,29963,29961,6424,5189,29981,29982,29982,29983,29986,29987,29987,29988,29988,29989,29993,29994,29996,29996]} 1. Nf3 Nf6 2. d4 e6 3. c4 d5 4. g3 Bb4+ 5. Bd2 Be7 6. Bg2 O-O 7. O-O c6 8. Qc2 b6 9. a4 {E11: Bogo-Indian} a5 {LiveBook: 3 Games} 10. Rc1 $146 ({Predecessor:} 10. Na3 Ba6 11. cxd5 cxd5 12. Nb5 Nbd7 13. Rfc1 Bxb5 14. axb5 Rc8 15. Qd3 Ne4 16. Bf4 Bd6 17. Bxd6 Nxd6 {½-½ (26) Wang,Y (2690)-Sarana,A (2562) chess.com INT 2018}) 10... Na6 11. Ne5 {White has an edge.} Bb7 12. cxd5 cxd5 13. Nc6 Qd7 14. Nxe7+ Qxe7 15. Qb3 Nb4 16. Nc3 Ba6 17. Nb5 Rfc8 18. Bc3 (18. e3 {keeps more tension.} h6 19. Bxb4 axb4 20. Qd1 h5 21. Rxc8+ Rxc8 22. Bf1) 18... Qd7 (18... h5 {seems wilder.} 19. Be1 Qd7 20. Rxc8+ Qxc8 21. Bxb4 Bxb5 22. Bc3 Bxe2 23. Qxb6 Nd7) 19. Bxb4 {And now Bd2 would win.} (19. e3 {is more complex.} Bxb5 20. axb5 Rc7 21. Bf1 Rac8 22. Rd1) 19... Rxc1+ 20. Rxc1 Bxb5 21. Bxa5 Rxa5 (21... Bxe2 {with more complications.} 22. Qxb6 Qxa4 23. Qb4 Qb5 24. f3 Qa6) 22. axb5 Rxb5 23. Qc3 {Strongly threatening Qc8+.} Ra5 $1 24. Qc8+ Qe8 25. Qb7 Ra8 $1 26. Qxb6 Rb8 27. Qa6 $1 g6 (27... Rxb2 $2 28. Rc8 $18) 28. b4 (28. e3 $14) 28... Qf8 $1 $11 29. Bh3 Qxb4 ({Avoid the trap} 29... Rxb4 $2 30. Rc8 $18) 30. Bxe6 Qe7 (30... Kg7 $11 {keeps the balance.} 31. Bxf7 Rb6) 31. Bh3 ({White should try} 31. Bg4 $16) 31... Kg7 32. Bg2 Rb2 33. Bf3 $1 Qb4 {[#]} 34. Rd1 $1 Rd2 (34... h5 $142) 35. Rxd2 $16 Qxd2 36. e3 Qc2 37. Qd6 Qf5 38. Kg2 g5 39. h3 h5 $2 {[#]} (39... h6 $16 40. g4 Qe6) 40. Qe5 $1 $18 {[%cal Re5f5]} Qxe5 41. dxe5 {[%mdl 4096] Endgame KB-KN} Nd7 42. Bxh5 ({Less strong is} 42. Bxd5 Nxe5 43. f4 gxf4 $18) 42... Nxe5 43. Bf3 d4 $2 (43... Nd3) 44. exd4 Nc4 45. Kf1 f5 (45... Kf6 $142 46. Ke2 Nd6) 46. Ke2 Kf6 47. Kd3 Nd6 48. Kc3 g4 49. hxg4 fxg4 50. Bc6 Ke6 51. Kd3 Kf5 52. Bd7+ Kg5 53. Be6 Kh5 54. d5 Kg5 55. Kd4 Kh5 56. Ke5 {White mates.} Nc4+ 57. Kf6 Nd6 58. Ke7 Ne4 59. d6 Nc5 60. d7 Nb7 61. Bd5 Na5 62. d8=Q {Precision: White = 79%, Black = 40%.} 1-0

[Event "9th HDBank Open 2019"]
[Site "Ho Chi Minh City"]
[Date "2019.03.10"]
[Round "5.30"]
[White "Stefanova, Antoaneta"]
[Black "Tobing, Daniel Hermawan Lum"]
[Result "1/2-1/2"]
[WhiteElo "2493"]
[BlackElo "2050"]
[Annotator "TA"]
[PlyCount "108"]
[EventDate "2019.03.07"]
[EventType "swiss"]
[EventCountry "VIE"]
[SourceTitle "playchess.com"]
[Source "ChessBase"]
[SourceQuality "1"]

{[%evp 14,108,43,33,47,39,67,44,58,49,50,59,95,87,87,87,87,87,88,82,75,84,91,84,72,-12,-6,0,-9,-58,-56,-67,-59,-63,-72,-116,-100,-144,-92,-89,-91,-68,-7,-110,-6,-6,-6,-28,-40,-32,-12,-103,-18,-54,-54,-129,-127,-189,-193,-191,-176,-178,-177,-148,-154,-131,-70,-70,-68,-183,-8,-8,-8,-16,0,-8,-8,-23,-8,-8,-8,-8,-8,-8,-8,-8,-8,-8,-8,-8,-8,-8,0,0,0,-8,-8]} 1. d4 Nf6 2. c4 g6 3. Nc3 Bg7 4. e4 d6 5. h3 O-O 6. Be3 c5 7. Nf3 cxd4 8. Nxd4 Nbd7 {E90: King's Indian: Classical: Early deviations and 6 h3} (8... Nc6 9. Be2 Bd7 10. O-O Nxd4 11. Bxd4 Bc6 12. Qc2 a5 13. Rad1 Nd7 14. Bxg7 Kxg7 15. Bg4 Ne5 16. c5 Nxg4 17. hxg4 Qc8 18. cxd6 Qxg4 19. dxe7 Rfe8 {1-0 (43) Cheparinov,I (2711)-Amin,B (2709) Zagreb 2018}) 9. g4 Ne5 $146 ({Predecessor:} 9... Nc5 10. Qc2 Qa5 11. f3 Ne6 12. Rb1 Nd5 13. cxd5 Nxd4 14. Qf2 Qb6 {0-1 (23) Fortea Domeque,C-Simon Padros,E Manresa 1993}) 10. Be2 Bd7 {White is slightly better.} 11. Qd2 Rc8 12. b3 {[%cal Bb2b3,Bb3b4][%mdl 32]} Bc6 13. f3 a6 14. O-O Bd7 15. Rac1 Nc6 16. Nc2 Qa5 {White should prevent ...Nxg4.} 17. b4 Qd8 18. f4 b5 19. c5 (19. cxb5 $16 axb5 20. Rfd1 (20. Bxb5 Nxg4 21. hxg4 Bxc3 $14)) 19... dxc5 $11 20. Bxc5 {e5 is the strong threat.} Be6 21. Qxd8 Rfxd8 22. f5 Bc4 23. Bxc4 bxc4 24. Ne3 Rd3 25. Nxc4 Rxh3 (25... Bh6 $142 {Hoping for ...Nxb4!} 26. Rfd1 Rxh3) 26. Kg2 $17 Rh4 27. Ne3 Bh6 (27... e6 $15) 28. Kg3 (28. Ncd5 $1 $11 {keeps the balance.}) 28... Bxe3 (28... Bg5 $17 {Threatens to win with ...h5.} 29. Rcd1 Ne5 30. Bxe7 Nexg4 31. Bxf6 Nxf6) 29. Kxh4 $11 g5+ 30. Kg3 Bxc1 31. Rxc1 Ne5 {Black wants to play ...Nd3.} 32. Rd1 (32. Nd5 $1 $11 Nxe4+ 33. Kg2) 32... Nexg4 ({Much worse is} 32... Nfxg4 $6 33. Nd5 $11) ({Black should play} 32... Kg7 $17 33. a3 Nfxg4) 33. Nd5 Nxd5 34. Rxd5 $15 {[%mdl 4096] Endgame KRB-KRN} (34. exd5 $15 h5 35. a3) 34... Nf6 $17 35. Rd4 (35. Re5 $17 {keeps fighting.}) 35... e5 $19 36. fxe6 fxe6 37. Kf3 Kf7 38. Rd6 {[#]} a5 $1 {[%mdl 512]} 39. a3 (39. bxa5 Rxc5) 39... axb4 (39... h5 $17 40. e5 axb4 41. axb4 Nd5) 40. axb4 $15 h5 {And now ...e5 would win.} 41. Ra6 $1 {[#]} g4+ $2 (41... Rc7 $1 $19 {White must now prevent ...e5.} 42. e5 Nd5) 42. Kf4 $11 {[#]} g3 $1 {[%mdl 512]} 43. e5 (43. Kxg3 Nxe4+) 43... Ng4 44. Kxg3 (44. Ra3 {with more complications.} Rd8 45. Rxg3 Rd5 46. Bd6 Kg6 47. Ke4) 44... Nxe5 45. Kh4 Nd3 46. Kxh5 {The position is equal.} Nxc5 47. bxc5 Rxc5+ {KR-KR} 48. Kg4 Rf5 49. Ra4 Ke7 50. Rf4 Ra5 51. Kf3 e5 52. Rb4 Kd6 53. Ke4 Ra6 54. Ke3 Kd5 {Accuracy: White = 65%, Black = 58%.} 1/2-1/2

[Event "9th HDBank Open 2019"]
[Site "Ho Chi Minh City"]
[Date "2019.03.10"]
[Round "6.1"]
[White "Iturrizaga Bonelli, Eduardo"]
[Black "Wang, Hao"]
[Result "1/2-1/2"]
[WhiteElo "2639"]
[BlackElo "2718"]
[Annotator "TA"]
[PlyCount "44"]
[EventDate "2019.03.07"]
[EventType "swiss"]
[EventCountry "VIE"]
[SourceTitle "playchess.com"]
[Source "ChessBase"]
[SourceQuality "1"]

{[%evp 15,17,0,31,23]} 1. c4 Nf6 2. Nf3 e6 3. Nc3 d5 4. d4 c6 5. e3 Nbd7 6. Qc2 Bd6 7. Bd3 O-O 8. O-O e5 {[#] Threatens to win with ...e4.} 9. cxd5 {D46: Semi-Slav: 5 e3 Nbd7 6 Bd3, Black avoids the Meran} {Predecessor:} cxd5 $146 10. e4 exd4 11. Nxd5 Nxd5 12. exd5 h6 13. Nxd4 Qh4 14. Nf3 Qh5 15. Bh7+ Kh8 16. Qf5 Qxf5 17. Bxf5 Nf6 18. Bxc8 Rfxc8 19. Rd1 Rd8 20. Be3 Be7 21. d6 Rxd6 22. Rxd6 Bxd6 {0-1 (48) Yilmaz,M (2636)-Potkin,V (2597) St Petersburg 2018} 1/2-1/2

[Event "9th HDBank Open 2019"]
[Site "Ho Chi Minh City"]
[Date "2019.03.10"]
[Round "6.2"]
[White "Cheparinov, Ivan"]
[Black "Bogdanovich, Stanislav"]
[Result "*"]
[WhiteElo "2683"]
[BlackElo "2536"]
[Annotator "TA"]
[PlyCount "55"]
[EventDate "2019.03.07"]
[EventType "swiss"]
[EventCountry "VIE"]
[SourceTitle "playchess.com"]
[Source "ChessBase"]
[SourceQuality "1"]

{[%evp 13,55,16,20,0,33,28,41,41,46,24,45,31,61,59,72,41,32,31,27,19,31,-8,-16,-10,-8,-22,-26,-20,-34,-18,-34,-11,-10,-11,-2,-84,-99,-93,-83,-146,-142,-154,-42,-36]} 1. e4 e5 2. Nf3 Nc6 3. Bc4 Bc5 4. c3 Nf6 5. d3 a6 6. O-O O-O 7. a4 d6 8. Bg5 {C54: Giuoco Piano: 4 c3 Nf6, main lines with 5 d4 and 5 d3} Be6 (8... h6 9. Bh4 g5 10. Bg3 Ba7 11. Nbd2 Nh7 12. h3 h5 13. d4 h4 14. Bh2 g4 15. hxg4 Bxg4 16. dxe5 dxe5 {1-0 (45) Duda,J (2738)-Kramnik,V (2777) Wijk aan Zee 2019}) 9. Nbd2 h6 10. Bh4 {White is slightly better.} Ba7 11. Re1 g5 12. Bg3 Ne7 13. d4 Bxc4 $146 ({Predecessor:} 13... exd4 14. Nxd4 d5 15. exd5 Bxd5 16. Be5 Bxc4 17. Bxf6 Be6 18. Qh5 Bxd4 19. cxd4 Kh7 20. Nf3 Rg8 21. Rxe6 {1-0 (21) Capone,N (2397)-Hawia,T (2051) Charleroi 2016}) 14. dxe5 Be6 $1 {[#] Hoping for ...dxe5.} 15. exf6 Ng6 16. e5 dxe5 17. Ne4 Qxd1 18. Raxd1 Rfe8 19. h3 ({Avoid the trap} 19. Nxe5 $2 Nxe5 20. Nxg5 Bb3 $19) 19... Bb3 $36 {[%mdl 2048] Black has the initiative.} 20. Rd7 Bb6 21. a5 Bxa5 22. Nc5 {[%mdl 64] [#] Double Attack} Be6 23. Nxe6 Rxe6 24. b4 (24. h4 $1 $11) 24... Bb6 $17 25. c4 {And now c5 would win.} c5 ({Much worse is} 25... Rxf6 26. c5 $16) 26. b5 (26. Nxe5 $142 cxb4 27. Nd3 Rxe1+ 28. Nxe1) 26... axb5 ({Much weaker is} 26... Rxf6 $6 27. Rb1 $11) 27. cxb5 Ba5 (27... c4 $17 28. Nd2 c3) 28. Ra1 {Accuracy: White = 46%, Black = 58%.} *

[Event "9th HDBank Open 2019"]
[Site "Ho Chi Minh City"]
[Date "2019.03.10"]
[Round "6.3"]
[White "Mareco, Sandro"]
[Black "Gukesh D"]
[Result "*"]
[WhiteElo "2666"]
[BlackElo "2529"]
[Annotator "TA"]
[PlyCount "46"]
[EventDate "2019.03.07"]
[EventType "swiss"]
[EventCountry "VIE"]
[SourceTitle "playchess.com"]
[Source "ChessBase"]
[SourceQuality "1"]

{[%evp 22,46,25,24,19,8,53,53,53,51,54,51,66,51,58,52,59,55,50,50,47,52,50,47,62,45,38]} 1. d4 d5 2. c4 c6 3. Nf3 Nf6 4. e3 e6 5. Bd3 dxc4 6. Bxc4 c5 7. O-O Be7 8. b3 O-O 9. Bb2 Nc6 10. dxc5 Qxd1 11. Rxd1 Bxc5 12. Nc3 b6 {D26: Queen's Gambit Accepted: 4 e3 e6 5 Bxc5 c5 sidelines} 13. Ng5 $146 ({Predecessor:} 13. Nd2 Na5 14. Be2 Bb7 15. a3 Be7 16. b4 Nc6 17. Nc4 Rfd8 18. f3 Rac8 19. Rac1 Ne8 20. Kf2 {½-½ (41) Mozetic,D (2440)-Djukic,Z (2400) Novi Sad 2000}) 13... Bb7 14. Nge4 {Threatens to win with Nxf6+.White is slightly better.} Be7 15. Nd6 Bxd6 16. Rxd6 Rfd8 17. Rad1 Rxd6 18. Rxd6 Rd8 19. Nb5 a6 20. Rxd8+ Nxd8 21. Nd6 b5 22. Bd3 Bc6 23. Ba3 Nb7 *

[Event "9th HDBank Open 2019"]
[Site "Ho Chi Minh City"]
[Date "2019.03.10"]
[Round "6.4"]
[White "Tran, Tuan Minh"]
[Black "Nguyen, Ngoc Truong Son"]
[Result "*"]
[WhiteElo "2556"]
[BlackElo "2647"]
[Annotator "TA"]
[PlyCount "43"]
[EventDate "2019.03.07"]
[EventType "swiss"]
[EventCountry "VIE"]
[SourceTitle "playchess.com"]
[Source "ChessBase"]
[SourceQuality "1"]

{[%evp 11,43,-14,5,-20,-29,-21,-34,-41,-17,-20,-30,-75,-5,-35,-7,-3,6,0,0,0,0,-14,-20,-51,0,-16,-20,-15,-13,-259,0,0,0,0]} 1. d4 Nf6 2. c4 e6 3. Nc3 Bb4 4. e3 O-O 5. Nge2 Re8 6. Bd2 {E46: Nimzo-Indian: Rubinstein: 4 e3 0-0 5 Ne2 without early Bd3} (6. a3 Bf8 7. d5 d6 8. g3 exd5 9. cxd5 c5 10. Bg2 Nbd7 11. O-O c4 12. Nd4 Nc5 13. Qe2 Nd3 14. b3 Nxc1 15. Rfxc1 cxb3 {½-½ (74) Caruana,F (2822)-So,W (2780) Saint Louis 2018}) 6... d5 {LiveBook: 3 Games} 7. Nf4 $146 ({Predecessor:} 7. Ng3 c5 8. a3 Bxc3 9. Bxc3 cxd4 10. Qxd4 e5 11. Qd2 Nc6 12. b4 Be6 13. b5 {½-½ (66) Fedoseev,V (2713)-Van Foreest,J (2617) Hoogeveen 2018}) 7... c5 8. a3 {Black has an edge.} Bxc3 $1 9. bxc3 Nc6 10. cxd5 exd5 11. Be2 h6 (11... c4 $17) 12. O-O Bf5 13. dxc5 Qe7 14. c4 Rad8 15. cxd5 Nxd5 16. Nxd5 Rxd5 17. Bc4 Rd7 (17... Rxc5 $15 18. Qb3 {[#]} b5 $1 {[%mdl 512]}) 18. Qc1 Red8 19. Bb4 Be4 20. Bb5 $2 {[#]} (20. h3 $11 {and White is okay.}) 20... Qg5 $2 (20... Nxb4 $19 21. axb4 Rd2) 21. f3 $11 Bd3 22. Bxd3 {Precision: White = 40%, Black = 49%.} *

[Event "9th HDBank Open 2019"]
[Site "Ho Chi Minh City"]
[Date "2019.03.10"]
[Round "6.5"]
[White "Van Wely, Loek"]
[Black "Xu, Yi"]
[Result "*"]
[WhiteElo "2612"]
[BlackElo "2520"]
[Annotator "TA"]
[PlyCount "38"]
[EventDate "2019.03.07"]
[EventType "swiss"]
[EventCountry "VIE"]
[SourceTitle "playchess.com"]
[Source "ChessBase"]
[SourceQuality "1"]

{[%evp 15,38,-16,0,0,0,-12,0,-3,0,-10,7,12,11,-6,0,-39,0,-33,-39,-38,-15,-24,12,1,9]} 1. Nf3 d5 2. g3 Nf6 3. Bg2 e6 4. O-O Be7 5. d3 O-O 6. Nbd2 c5 7. e4 Nc6 8. Re1 b5 9. exd5 {C00: French: Unusual White 2nd moves} Nxd5 10. Ne4 Bb7 11. Bg5 f6 12. Bd2 e5 13. c3 {[#]} Kh8 $146 ({Predecessor:} 13... a6 14. Nh4 f5 15. Ng5 Qd7 16. c4 bxc4 17. dxc4 {1-0 (39) Nepomniachtchi,I (2751)-Geller,J (2505) Sochi 2017}) 14. a4 b4 15. h4 h6 16. Be3 Nxe3 17. Rxe3 bxc3 18. bxc3 c4 19. d4 exd4 *

[Event "9th HDBank Open 2019"]
[Site "Ho Chi Minh City"]
[Date "2019.03.10"]
[Round "6.6"]
[White "Karthik Venkataraman"]
[Black "Popov, Ivan"]
[Result "*"]
[WhiteElo "2494"]
[BlackElo "2581"]
[Annotator "TA"]
[PlyCount "43"]
[EventDate "2019.03.07"]
[EventType "swiss"]
[EventCountry "VIE"]
[SourceTitle "playchess.com"]
[Source "ChessBase"]
[SourceQuality "1"]

{[%evp 17,43,12,16,26,4,0,0,0,3,-5,0,-13,-4,-13,-7,-13,-14,-18,-15,-16,-8,-8,-9,-9,-9,-7,0,-39]} 1. d4 d5 2. Nf3 Nf6 3. c4 dxc4 4. e3 e6 5. Bxc4 c5 6. O-O Nc6 7. Nc3 a6 8. dxc5 Qxd1 9. Rxd1 Bxc5 10. Nd2 {D27: Queen's Gambit Accepted: Classical main line: 7 e4!? and 7 a4} (10. a3 {looks sharper.} b5 11. b4 Be7 12. Be2 O-O 13. Bb2) (10. Be2 O-O 11. Bd2 Bd7 12. Rac1 Ba7 13. Ng5 Rfd8 14. Nce4 Nxe4 15. Nxe4 Be8 16. Be1 Rxd1 17. Bxd1 Ne5 {½-½ (38) Jakovenko,D (2710)-Giri,A (2762) Antalya 2017}) 10... O-O 11. Nde4 {The position is equal.} Nxe4 12. Nxe4 Be7 $1 13. b3 {[#]} b5 $146 ({Predecessor:} 13... Rd8 14. Bb2 b5 15. Rxd8+ {½-½ (15) Lintchevski,D (2560)-Sadzikowski,D (2506) Krakow 2016}) 14. Be2 Rd8 15. Bb2 Bb7 16. Bf3 Nb4 17. Kf1 Bd5 18. Ba3 Kf8 19. Ng5 Bxf3 20. Rxd8+ Rxd8 21. Nxf3 Rc8 22. Nd4 {Accuracy: White = 52%, Black = 73%.} *